Guess all countries with land on the equator - Statistics

General Stats
  • This quiz has been taken 46 times
  • The average score is 8 of 10
Answer Stats
Continent Country % Correct
South America Brazil
98%
South America Ecuador
93%
South America Colombia
90%
Africa Congo-Brazzaville
86%
Africa Congo-Kinshasa
86%
Africa Kenya
86%
Asia Indonesia
81%
Africa Somalia
79%
Africa Gabon
74%
Africa Uganda
74%
No matching quizzes found
Score Distribution
Percent of People with Each Score
Percentile by Number Answered
Your Score History
You have not taken this quiz